01731nam a22002537a 4500008004100000020001800041040000800059041000800067100003800075245005900113260003500172300002400207520087300231650002801104650004001132650003201172650003501204650003101239650004701270651004401317942000801361952009301369999001501462251029b |||||||| |||| 00| 0 eng d a9781250198617 ctbs aeng aWebber, Heather S.926125eauthor aMidnight at the Blackbird Caféc/ Heather S. Webber. aNew York, NY :bForge, c2019. a333 pages ;c22 cm. aHeather Webber's Midnight at the Blackbird Café is a captivating blend of magical realism, heartwarming romance, and small-town Southern charm. Nestled in the mountain shadows of Alabama lies the little town of Wicklow. It is here that Anna Kate has returned to bury her beloved Granny Zee, owner of the Blackbird Café. It was supposed to be a quick trip to close the café and settle her grandmother's estate, but despite her best intentions to avoid forming ties or even getting to know her father's side of the family, Anna Kate finds herself inexplicably drawn to the quirky Southern town her mother ran away from so many years ago, and the mysterious blackbird pie everybody can't stop talking about. As the truth about her past slowly becomes clear, Anna Kate will need to decide if this lone blackbird will finally be able to take her broken wings and fly. 0aMagicalvFiction926370 0aGrandmothersxDeathvFiction926371 0aRestaurantsvFiction926372 0aFamily secretsvFiction923679 0aHomecomingvFiction924048 0aMagic realism (Literature)vFiction926373 0aAlabama (United States)vFiction926374 2lcc 00102lcc4070aTBSbTBSd2025-10-29l0oP-EN WEBpB05682r2025-10-29t1w2025-10-29y1 c5120d5120